| 000 | 00713nam a2200217Ia 4500 | ||
|---|---|---|---|
| 003 | OSt | ||
| 005 | 20260127094832.0 | ||
| 008 | 210716s2011 xx 000 0 und d | ||
| 020 | _a9789350235775 | ||
| 040 | _cAIMIT LIBRARY | ||
| 041 | _aeng | ||
| 082 |
_a332.632 _21 _bBUSI |
||
| 245 |
_aBusiness knowledge for IT in prime brokerage : _bcomplete handbook for IT professionals / |
||
| 250 | _a1st ed. | ||
| 260 |
_aMumbai : _bShroff Publishers and Distributors Pvt Ltd , _c2011. |
||
| 300 |
_axi,193,1p. ; _bPB _c23.3 cm |
||
| 650 |
_aOverview of hedge funds _9252702 |
||
| 650 |
_aCross-asset prime brokerage _9252703 |
||
| 650 |
_aCommonly used terminology _9252704 |
||
| 942 |
_2ddc _cBK _e1st _k332.632 BUSI |
||
| 999 |
_c192477 _d192477 |
||